[Event "Vladivostok Cup"]
[Site "Vladivostok"]
[Date "2010.03.25"]
[Round "7"]
[White "Faleev, Ivan"]
[Black "Trofaniuk, Arseniy"]
[Result "1/2-1/2"]
[WhiteElo "2082"]
[BlackElo "1932"]
[PlyCount "135"]
[EventDate "2010.03.19"]
[EventType "swiss"]
[EventRounds "9"]
[EventCountry "RUS"]
[SourceTitle "EXT 2022"]
[Source "ChessBase"]
[SourceDate "2021.10.06"]
[SourceVersion "1"]
[SourceVersionDate "2021.10.06"]
[SourceQuality "1"]

1. d4 d5 2. c4 e6 3. Nc3 Nf6 4. Bg5 Be7 5. e3 0-0 6. Nf3 b6 7. cxd5 Nxd5 8. Bxe7 Nxe7 9. Bd3 h6 10. 0-0 Bb7 11. Rc1 a6 12. Bb1 Nd7 13. Qc2 Ng6 14. Ne5 Ndxe5 15. dxe5 c5 16. f4 Qc7 17. h4 Rfd8 18. h5 Nf8 19. Ne4 Bxe4 20. Qxe4 Rd5 21. Rf3 Rad8 22. Bc2 Qc6 23. Kh2 Qb5 24. Bb3 Rd2 25. Rc4 Qd7 26. Rg3 Qd5 27. Qb1 Qd3 28. Qxd3 R8xd3 29. Bc2 Rd7 30. a4 Rc7 31. b3 b5 32. Rc3 Nd7 33. a5 c4 34. b4 f6 35. exf6 Nxf6 36. e4 Nxh5 37. Rg4 Rf2 38. f5 Nf6 39. Rg6 exf5 40. Kg3 Rd2 41. Kf3 fxe4+ 42. Bxe4 Nxe4 43. Kxe4 Kf7 44. Rxa6 Rxg2 45. Rb6 Rb2 46. Rxb5 Rb3 47. Kd4 Rb1 48. a6 Rd1+ 49. Ke3 Re7+ 50. Kf2 Rd6 51. Ra5 Ra7 52. Rxc4 Raxa6 53. Rxa6 Rxa6 54. Rc2 Rb6 55. Rb2 Kg6 56. Ke3 Kf5 57. Kd4 Rb8 58. Rf2+ Kg4 59. Rg2+ Kf3 60. Rxg7 Rxb4+ 61. Kd3 h5 62. Rf7+ Kg3 63. Ke2 Kg2 64. Rf2+ Kg3 65. Rf3+ Kg4 66. Rf8 h4 67. Kf2 Rb2+ 68. Kg1 1/2-1/2

[Event "Vladivostok op"]
[Site "Vladivostok"]
[Date "2009.06.??"]
[Round "8"]
[White "Ibraev, Valeriy"]
[Black "Faleev, Ivan"]
[Result "0-1"]
[WhiteElo "1720"]
[BlackElo "2082"]
[PlyCount "78"]
[EventDate "2009.06.??"]
[EventType "swiss"]
[EventRounds "9"]
[EventCountry "RUS"]
[SourceTitle "EXT 2012"]
[Source "ChessBase"]
[SourceDate "2011.11.24"]
[SourceVersion "1"]
[SourceVersionDate "2011.11.24"]
[SourceQuality "1"]

1. d4 e6 2. c4 d5 3. Nc3 Nf6 4. Bg5 Be7 5. Nf3 0-0 6. e3 c6 7. Bd3 dxc4 8. Bxc4 Nd5 9. Bxe7 Qxe7 10. 0-0 Nd7 11. Qd3 Nb4 12. Qd2 c5 13. a3 Nc6 14. Rac1 Na5 15. Ba2 b6 16. Na4 c4 17. Rfd1 Bb7 18. Ne1 Rac8 19. Nc3 Nf6 20. f3 Rfd8 21. e4 e5 22. d5 Nd7 23. Nb5 Qc5+ 24. Nd4 exd4 25. Qxd4 Qxd4+ 26. Rxd4 b5 27. Nc2 Nc5 28. Rdd1 Nab3 29. Bxb3 Nxb3 30. Rb1 a5 31. Nd4 Nxd4 32. Rxd4 f6 33. b4 cxb3 34. Rxb3 Rc5 35. Rd1 g5 36. Rdb1 Ba6 37. a4 b4 38. Rd1 Rd6 39. Rd4 Rc1+ 0-1

[Event "Vladivostok Cup op"]
[Site "Vladivostok"]
[Date "2009.03.26"]
[Round "6"]
[White "Kopaev, Pavel"]
[Black "Faleev, Ivan"]
[Result "0-1"]
[WhiteElo "2131"]
[BlackElo "2082"]
[PlyCount "86"]
[EventDate "2009.03.21"]
[EventType "swiss"]
[EventRounds "7"]
[EventCountry "RUS"]
[SourceTitle "EXT 2012"]
[Source "ChessBase"]
[SourceDate "2011.11.24"]
[SourceVersion "1"]
[SourceVersionDate "2011.11.24"]
[SourceQuality "1"]

1. e4 e6 2. d4 d5 3. Nd2 c5 4. dxc5 Bxc5 5. Nb3 Bb6 6. exd5 exd5 7. Bb5+ Nc6 8. Nf3 Qe7+ 9. Be2 Nf6 10. Bg5 Be6 11. 0-0 0-0 12. h3 h6 13. Bh4 g5 14. Nxg5 hxg5 15. Bxg5 Kg7 16. Qd2 Rh8 17. Qf4 Rac8 18. Bh4 Bc7 19. Qg5+ Kf8 20. Qxf6 Rxh4 21. Qxe7+ Kxe7 22. Rfe1 Kd6 23. Rad1 Bb6 24. c3 Rg8 25. Bf3 Rxh3 26. Kf1 Rh1+ 27. Ke2 Rxe1+ 28. Kxe1 Ne5 29. Nd4 Bxd4 30. Rxd4 Nxf3+ 31. gxf3 Rg1+ 32. Ke2 Rb1 33. Rb4 b6 34. Ke3 Kc5 35. Kf4 a5 36. Rb3 Rf1 37. Kg5 Rxf2 38. f4 b5 39. a4 bxa4 40. Rb7 Kc4 41. Rb6 Kd3 42. Rb5 Rg2+ 43. Kf6 Rg4 0-1

[Event "Vladivostok Cup op"]
[Site "Vladivostok"]
[Date "2009.03.22"]
[Round "2"]
[White "Popov, Oleg1111"]
[Black "Faleev, Ivan"]
[Result "0-1"]
[WhiteElo "1721"]
[BlackElo "2082"]
[PlyCount "34"]
[EventDate "2009.03.21"]
[EventType "swiss"]
[EventRounds "7"]
[EventCountry "RUS"]
[SourceTitle "EXT 2012"]
[Source "ChessBase"]
[SourceDate "2011.11.24"]
[SourceVersion "1"]
[SourceVersionDate "2011.11.24"]
[SourceQuality "1"]

1. d4 e6 2. c4 Nf6 3. Nc3 d5 4. Bg5 Be7 5. Nf3 0-0 6. e3 c6 7. Bd3 dxc4 8. Bxc4 b5 9. Bd3 Bb7 10. Qc2 Nbd7 11. Ne5 h6 12. Nxd7 Nxd7 13. Bxe7 Qxe7 14. Ne4 e5 15. dxe5 Nxe5 16. Be2 Qb4+ 17. Qc3 Qxe4 0-1